|
|
|
|
| LEADER |
00000nab a2200000 a 4500 |
| 001 |
vtls001014491 |
| 003 |
SK-MaSNL |
| 005 |
20260303042402.0 |
| 008 |
040720e19960628xo 0 slo |
| 035 |
|
|
|a SN445
|
| 040 |
|
|
|a SNSK
|b slo
|c SNSK
|e AACR2
|
| 041 |
0 |
|
|a slo
|
| 044 |
|
|
|a xo
|c SK
|
| 080 |
|
|
|a 622.341
|2 1981
|
| 100 |
0 |
|
|a (iva)
|4 aut
|9 846735
|
| 245 |
1 |
0 |
|a Byrokratická mašinéria v akcii
|b Miliónové investície vďaka existencii byrokratizmu
|
| 610 |
2 |
7 |
|a Želba (Spišská Nová Ves, Slovensko)
|2 SNSK
|9 31409
|
| 650 |
0 |
7 |
|a baníctvo rudné
|2 SNSK
|9 888170
|
| 650 |
0 |
7 |
|a likvidácia
|2 SNSK
|9 615761
|
| 651 |
|
7 |
|a Spiš (Slovensko : región)
|2 SNSK
|9 17692
|
| 651 |
|
7 |
|a SN,
|2 SNSK
|9 1021277
|
| 655 |
|
7 |
|a periodikum
|2 snkbucl
|9 29553
|
| 710 |
2 |
|
|a Želba (Spišská Nová Ves, Slovensko)
|4 aut
|9 31409
|
| 773 |
0 |
8 |
|t Nový Čas
|g Roč. 6, č.150, 28.6.1996, s. 10
|x 1335-4655
|
| 852 |
|
|
|a ZVYKNI
|b KIS3GCP
|
| 999 |
|
|
|c 1691864
|d 1693794
|